[Event "CRO-chT U20 19th"]
[Site "Sv Filip i Jakov"]
[Date "2010.04.10"]
[Round "9.32"]
[White "Nikic, Zvonimir"]
[Black "Turk, Karlo"]
[Result "1/2-1/2"]
[WhiteElo "1603"]
[BlackElo "1888"]
[PlyCount "142"]
[EventDate "2010.04.06"]
[EventType "team-tourn"]
[EventRounds "11"]
[EventCountry "CRO"]
[SourceTitle "EXT 2011"]
[Source "ChessBase"]
[SourceDate "2010.11.26"]
[SourceVersion "1"]
[SourceVersionDate "2010.11.26"]
[SourceQuality "1"]

1. e4 c5 2. Nf3 g6 3. d4 cxd4 4. Nxd4 Nf6 5. Nc3 d6 6. Be3 Bg7 7. f3 0-0 8. Bc4 Nc6 9. Qd2 Ne5 10. Bb3 a5 11. 0-0-0 Bd7 12. a4 Qc7 13. Ndb5 Qc6 14. Bd5 Qc8 15. Bb6 Ra6 16. Qf2 Ne8 17. Bb3 Be6 18. Nd5 Bxd5 19. Bxd5 Nd7 20. Bd4 Nc7 21. Bxg7 Kxg7 22. Nxc7 Qxc7 23. Rd3 Nc5 24. Rc3 Qd7 25. b3 Rc8 26. Bc4 Raa8 27. Bb5 Qe6 28. Qd4+ Kg8 29. Bc4 Qd7 30. Rd1 Qc7 31. Qd5 Rf8 32. f4 Qb6 33. Rh3 Ne6 34. Qd2 Qb4 35. Qf2 Qa3+ 36. Kb1 Qc5 37. Qh4 Qh5 38. Qxh5 gxh5 39. Bxe6 fxe6 40. Rxh5 Rxf4 41. Rd3 e5 42. Rg3+ Kh8 43. Rgh3 Rf7 44. Rc3 Raf8 45. Rc7 e6 46. Rc3 Rf4 47. Rd3 Rd8 48. Rxe5 Rc8 49. Rxe6 Rf2 50. Rexd6 Rcxc2 51. Rd8+ Kg7 52. R8d7+ Kg6 53. Rxb7 Rb2+ 54. Kc1 Ra2 55. Rg3+ Kh6 56. Rh3+ Kg6 57. Rg3+ Kh6 58. Rh3+ Kg6 59. Rb6+ Kg5 60. Rg3+ Kh5 61. Rh3+ Kg5 62. Rb5+ Kg6 63. Kb1 Rfb2+ 64. Kc1 Re2 65. Kd1 Rad2+ 66. Kc1 Rc2+ 67. Kb1 Rb2+ 68. Kc1 Rbc2+ 69. Kb1 Rb2+ 70. Kc1 Ra2 71. Rg3+ Kf6 1/2-1/2